[Event "Open A"]
[Site "Polanica-Zdroj"]
[Date "2017.08.25"]
[Round "7.7"]
[White "Luba, Lukasz"]
[Black "Zaleski, Lukasz"]
[Result "0-1"]
[BlackElo "2267"]
[WhiteElo "2097"]
[LiveChessVersion "1.4.8"]

1. e4 {[%clk 1:30:50]} e6 {[%clk 1:30:45]} 2. d4 {[%clk 1:31:00]} d5
{[%clk 1:31:08]} 3. exd5 {[%clk 1:30:46]} exd5 {[%clk 1:31:22]} 4. Bd3
{[%clk 1:30:57]} Nc6 {[%clk 1:31:34]} 5. c3 {[%clk 1:31:17]} Bd6 {[%clk 1:32:00]}
6. Qc2 {[%clk 1:27:12]} Qf6 {[%clk 1:29:21]} 7. Be3 {[%clk 1:24:02]} Nge7
{[%clk 1:29:20]} 8. Nd2 {[%clk 1:23:30]} Bf5 {[%clk 1:29:22]} 9. g3
{[%clk 1:14:57]} Qg6 {[%clk 1:26:57]} 10. Bxf5 {[%clk 1:12:58]} Nxf5
{[%clk 1:26:03]} 11. Nf1 {[%clk 1:12:07]} O-O-O {[%clk 1:23:21]} 12. O-O-O
{[%clk 1:11:38]} h5 {[%clk 1:18:28]} 13. h4 {[%clk 1:05:27]} Rde8
{[%clk 1:17:45]} 14. Ne2 {[%clk 0:56:26]} Re4 {[%clk 1:11:01]} 15. b4
{[%clk 0:53:50]} Rhe8 {[%clk 1:07:33]} 16. Qa4 {[%clk 0:50:49]} a6
{[%clk 1:05:01]} 17. b5 {[%clk 0:48:05]} axb5 {[%clk 1:04:52]} 18. Qxb5
{[%clk 0:48:28]} Qe6 {[%clk 0:45:50]} 19. Kc2 {[%clk 0:43:16]} Rg4
{[%clk 0:31:45]} 20. Rd3 {[%clk 0:32:01]} Qe4 {[%clk 0:28:28]} 21. Rg1
{[%clk 0:31:16]} Qf3 {[%clk 0:25:50]} 22. Kd2 {[%clk 0:28:56]} Rg6
{[%clk 0:21:38]} 23. a4 {[%clk 0:24:38]} Bf8 {[%clk 0:13:39]} 24. Nh2
{[%clk 0:24:38]} Qe4 {[%clk 0:13:56]} 25. Nf4 {[%clk 0:24:36]} Rd6
{[%clk 0:05:59]} 26. Rb1 {[%clk 0:21:21]} Nd8 {[%clk 0:04:44]} 27. a5
{[%clk 0:21:05]} Ra6 {[%clk 0:02:17]} 28. f3 {[%clk 0:13:12]} Qe7
{[%clk 0:02:35]} 29. Nxd5 {[%clk 0:13:11]} Qd7 {[%clk 0:02:33]} 30. Bf4
{[%clk 0:07:14]} Nd6 {[%clk 0:01:44]} 31. Bxd6 {[%clk 0:07:27]} Bxd6
{[%clk 0:01:46]} 32. f4 {[%clk 0:06:51]} Qxb5 {[%clk 0:00:53]} 33. Rxb5
{[%clk 0:07:18]} Nc6 {[%clk 0:01:18]} 34. Nb4 {[%clk 0:07:24]} Rxa5
{[%clk 0:01:38]} 35. Rxa5 {[%clk 0:05:56]} Nxa5 {[%clk 0:02:04]} 36. Kc2
{[%clk 0:03:03]} Nc4 {[%clk 0:01:53]} 37. Nf1 {[%clk 0:01:33]} Re1
{[%clk 0:02:02]} 38. Nd2 {[%clk 0:01:26]} Ne3+ {[%clk 0:01:55]} 39. Kb3
{[%clk 0:01:36]} Nf5 {[%clk 0:02:16]} 40. Nd5 {[%clk 0:31:36]} c6
{[%clk 0:31:02]} 41. Nb6+ {[%clk 0:31:59]} Kc7 {[%clk 0:31:28]} 42. Nbc4
{[%clk 0:32:25]} b5 {[%clk 0:30:34]} 43. Ne5 {[%clk 0:25:15]} f6 {[%clk 0:30:05]}
44. Ng6 {[%clk 0:24:15]} Re2 {[%clk 0:28:43]} 45. Nf1 {[%clk 0:22:04]} Rf2
{[%clk 0:26:40]} 46. Ne3 {[%clk 0:19:35]} Nxg3 {[%clk 0:26:35]} 47. Nd5+
{[%clk 0:19:25]} cxd5 {[%clk 0:27:00]} 48. Rxg3 {[%clk 0:19:51]} Kc6
{[%clk 0:25:32]} 49. Nh8 {[%clk 0:18:14]} Rxf4 {[%clk 0:25:20]} 50. Rxg7
{[%clk 0:18:41]} Rxh4 {[%clk 0:25:28]} 51. Nf7 {[%clk 0:18:59]} Bc7
{[%clk 0:22:11]} 52. Rh7 {[%clk 0:19:16]} Ba5 {[%clk 0:20:06]} 53. Rh6
{[%clk 0:19:08]} Rf4 {[%clk 0:19:00]} 54. Rxh5 {[%clk 0:18:46]} Rf3
{[%clk 0:19:14]} 55. Rh6 {[%clk 0:19:06]} Kd7 {[%clk 0:19:12]} 56. Kc2
{[%clk 0:18:02]} Rxc3+ {[%clk 0:18:58]} 57. Kb2 {[%clk 0:18:27]} Rf3
{[%clk 0:19:02]} 58. Kc2 {[%clk 0:18:48]} Ke7 {[%clk 0:17:39]} 59. Rh7
{[%clk 0:19:08]} Ke6 {[%clk 0:17:56]} 60. Nh6 {[%clk 0:19:31]} Rc3+
{[%clk 0:16:14]} 61. Kb1 {[%clk 0:18:38]} Rh3 {[%clk 0:14:24]} 62. Ra7
{[%clk 0:18:28]} Rxh6 {[%clk 0:14:40]} 63. Rxa5 {[%clk 0:18:55]} Rh4
{[%clk 0:14:54]} 64. Rxb5 {[%clk 0:19:22]} Rxd4 {[%clk 0:15:19]} 65. Kc2
{[%clk 0:19:41]} Ke5 {[%clk 0:15:34]} 66. Rb8 {[%clk 0:19:32]} f5
{[%clk 0:15:27]} 67. Kc3 {[%clk 0:19:55]} Rc4+ {[%clk 0:15:19]} 68. Kd3
{[%clk 0:20:23]} Rd4+ {[%clk 0:15:08]} 69. Kc3 {[%clk 0:19:53]} Ra4
{[%clk 0:14:59]} 70. Re8+ {[%clk 0:20:13]} Kf4 {[%clk 0:14:59]} 71. Kd3
{[%clk 0:20:30]} Kg3 {[%clk 0:08:41]} 72. Re5 {[%clk 0:20:28]} f4
{[%clk 0:09:06]} 73. Rg5+ {[%clk 0:20:16]} Kf2 {[%clk 0:09:09]} 74. Rxd5
{[%clk 0:20:12]} f3 {[%clk 0:09:35]} 75. Rf5 {[%clk 0:20:22]} Ra3+
{[%clk 0:09:24]} 76. Kd2 {[%clk 0:20:51]} Kf1 {[%clk 0:09:11]} 77. Rf8
{[%clk 0:20:46]} f2 {[%clk 0:09:20]} 78. Rg8 {[%clk 0:20:38]} Ra7
{[%clk 0:09:41]} 79. Kd1 {[%clk 0:20:18]} Rd7+ {[%clk 0:10:07]} 80. Kc2
{[%clk 0:20:41]} Rd5 {[%clk 0:10:09]} 81. Rg7 {[%clk 0:20:57]} Ke2
{[%clk 0:10:23]} 82. Re7+ {[%clk 0:21:19]} Kf3 {[%clk 0:10:46]} 83. Rf7+
{[%clk 0:21:46]} Ke3 {[%clk 0:11:10]} 84. Rf8 {[%clk 0:20:40]} Rd4
{[%clk 0:11:24]} 0-1

[Event "Open A"]
[Site "Polanica-Zdroj"]
[Date "2017.08.25"]
[Round "7.8"]
[White "Lapaj, Mateusz"]
[Black "Kukula, Pawel"]
[Result "1-0"]
[BlackElo "2224"]
[WhiteElo "2093"]
[LiveChessVersion "1.4.8"]

1. e4 {[%clk 1:30:57]} c5 {[%clk 1:30:41]} 2. Nf3 {[%clk 1:31:21]} Nc6
{[%clk 1:30:27]} 3. d4 {[%clk 1:31:45]} cxd4 {[%clk 1:30:43]} 4. Nxd4
{[%clk 1:32:12]} Nf6 {[%clk 1:30:50]} 5. Nc3 {[%clk 1:32:37]} e5 {[%clk 1:31:09]}
6. Ndb5 {[%clk 1:33:02]} d6 {[%clk 1:31:27]} 7. Nd5 {[%clk 1:33:28]} Nxd5
{[%clk 1:31:48]} 8. exd5 {[%clk 1:33:52]} Nb8 {[%clk 1:32:05]} 9. c4
{[%clk 1:34:16]} Be7 {[%clk 1:32:22]} 10. Bd3 {[%clk 1:34:41]} a6
{[%clk 1:32:45]} 11. Nc3 {[%clk 1:35:08]} O-O {[%clk 1:32:57]} 12. O-O
{[%clk 1:35:33]} f5 {[%clk 1:32:58]} 13. f3 {[%clk 1:35:59]} Bg5 {[%clk 1:31:15]}
14. Bxg5 {[%clk 1:36:21]} Qxg5 {[%clk 1:31:39]} 15. f4 {[%clk 1:36:47]} exf4
{[%clk 1:31:19]} 16. Qe2 {[%clk 1:37:10]} Qh6 {[%clk 1:27:35]} 17. Rae1
{[%clk 1:35:36]} Nd7 {[%clk 1:27:15]} 18. Qe6+ {[%clk 0:32:19]} Qxe6
{[%clk 1:27:26]} 19. dxe6 {[%clk 0:32:48]} Ne5 {[%clk 1:27:36]} 20. e7
{[%clk 0:32:08]} Re8 {[%clk 1:27:57]} 21. Bc2 {[%clk 0:32:16]} Rxe7
{[%clk 1:26:45]} 22. Nd5 {[%clk 0:32:35]} Rf7 {[%clk 1:23:28]} 23. c5
{[%clk 0:32:21]} Bd7 {[%clk 1:17:29]} 24. Nb6 {[%clk 0:28:04]} Rd8
{[%clk 1:05:15]} 25. Bb3 {[%clk 0:28:18]} Bb5 {[%clk 1:05:13]} 26. cxd6
{[%clk 0:19:09]} Ng6 {[%clk 1:00:17]} 27. d7 {[%clk 0:18:54]} Kf8
{[%clk 0:57:41]} 28. Bxf7 {[%clk 0:19:15]} Kxf7 {[%clk 0:57:58]} 29. Rf2
{[%clk 0:18:56]} Bxd7 {[%clk 0:53:45]} 30. Rd1 {[%clk 0:17:28]} Ne5
{[%clk 0:47:26]} 31. Rd5 {[%clk 0:16:15]} Re8 {[%clk 0:43:48]} 32. Nxd7
{[%clk 0:15:58]} Ng4 {[%clk 0:44:10]} 33. Rxf5+ {[%clk 0:15:24]} Ke6
{[%clk 0:44:18]} 34. R2xf4 {[%clk 0:15:32]} Kd5 1-0

[Event "Open A"]
[Site "Polanica-Zdroj"]
[Date "2017.08.25"]
[Round "7.9"]
[White "Zielinski, Wojciech"]
[Black "Kyc, Jerzy"]
[Result "1/2-1/2"]
[BlackElo "2251"]
[WhiteElo "2105"]
[LiveChessVersion "1.4.8"]

1. Nf3 Nf6 2. b3 g6 3. Bb2 d5 4. e3 Bg7 5. c4 c6 6. Be2 O-O 7. O-O Nbd7 8. cxd5
cxd5 9. Na3 Ne4 10. Bxg7 Kxg7 11. Qc2 Ndf6 12. Rac1 Bg4 13. d3 Nd6 14. Qc7 Rc8
15. Qxd8 Rfxd8 16. d4 Nfe4 17. Nb1 a6 18. h3 Bxf3 19. gxf3 Nf6 20. Rfd1 e6 21.
Kf1 Kf8 22. Ke1 Ke7 23. Kd2 h5 24. Bd3 a5 25. Rxc8 Rxc8 26. Rc1 Rxc1 27. Kxc1 Nd7
28. Nc3 Nb8 29. Kd2 Nc6 30. a3 g5 31. Ke1 f5 32. Kf1 Kf6 33. h4 gxh4 34. Kg2 Ne7
35. Kh3 f4 36. Ne2 fxe3 37. fxe3 Ndf5 38. e4 dxe4 39. fxe4 Ng7 40. Kxh4 Ng6+ 41.
Kh3 Kg5 42. b4 axb4 43. axb4 h4 44. d5 Ne5 45. Bc2 exd5 46. exd5 Nf5 47. Bxf5
Kxf5 48. Kxh4 1/2-1/2

[Event "Open A"]
[Site "Polanica-Zdroj"]
[Date "2017.08.25"]
[Round "7.10"]
[White "Voloshin, Leonid"]
[Black "Malinowski, Damian"]
[Result "1/2-1/2"]
[BlackElo "2003"]
[WhiteElo "2369"]
[LiveChessVersion "1.4.8"]

1. Nf3 {[%clk 1:30:58]} d5 {[%clk 1:30:53]} 2. g3 {[%clk 1:31:14]} c6
{[%clk 1:31:07]} 3. Bg2 {[%clk 1:31:39]} Nf6 {[%clk 1:31:26]} 4. O-O
{[%clk 1:31:59]} h6 {[%clk 1:31:06]} 5. b3 {[%clk 1:31:56]} Bf5 {[%clk 1:31:18]}
6. Bb2 {[%clk 1:32:19]} e6 {[%clk 1:31:21]} 7. d3 {[%clk 1:32:45]} Be7
{[%clk 1:31:30]} 8. Nbd2 {[%clk 1:33:07]} O-O {[%clk 1:31:21]} 9. Qe1
{[%clk 1:31:09]} Bh7 {[%clk 1:31:11]} 10. e4 {[%clk 1:31:12]} a5 {[%clk 1:29:47]}
11. a3 {[%clk 1:25:43]} b5 {[%clk 1:25:46]} 12. Qe2 {[%clk 1:22:42]} Qb6
{[%clk 1:21:54]} 13. Kh1 {[%clk 1:14:41]} Rd8 {[%clk 1:18:57]} 14. Ne5
{[%clk 1:10:06]} Nbd7 {[%clk 1:07:55]} 15. f4 {[%clk 1:06:48]} dxe4
{[%clk 1:06:03]} 16. Nxe4 {[%clk 1:01:56]} Nxe4 {[%clk 1:03:40]} 17. dxe4
{[%clk 0:48:11]} Nxe5 {[%clk 1:01:48]} 18. Bxe5 {[%clk 0:48:11]} Bf8
{[%clk 0:53:45]} 19. Bb2 {[%clk 0:43:33]} Ra7 {[%clk 0:50:18]} 20. Rad1
{[%clk 0:37:56]} Rad7 {[%clk 0:49:15]} 21. Bf3 {[%clk 0:18:44]} Rxd1
{[%clk 0:47:56]} 22. Rxd1 {[%clk 0:19:13]} Rxd1+ {[%clk 0:46:14]} 23. Qxd1
{[%clk 0:19:42]} Qc5 {[%clk 0:35:24]} 24. Kg2 {[%clk 0:19:16]} Qd6
{[%clk 0:31:34]} 25. Qxd6 {[%clk 0:18:19]} Bxd6 {[%clk 0:32:02]} 26. h4
{[%clk 0:12:30]} f6 {[%clk 0:29:37]} 27. h5 {[%clk 0:11:35]} e5 {[%clk 0:28:05]}
28. f5 {[%clk 0:07:08]} Kf8 {[%clk 0:27:44]} 29. Be2 {[%clk 0:04:41]} Bg8
{[%clk 0:27:16]} 30. Bd3 {[%clk 0:03:54]} 1/2-1/2

[Event "Open A"]
[Site "Polanica-Zdroj"]
[Date "2017.08.25"]
[Round "7.11"]
[White "Garbowski, Jakub"]
[Black "Mammadov, Vafa"]
[Result "1/2-1/2"]
[BlackElo "2066"]
[WhiteElo "2185"]
[LiveChessVersion "1.4.8"]

1. e4 {[%clk 1:30:58]} c5 {[%clk 1:30:50]} 2. Nf3 {[%clk 1:31:22]} e6
{[%clk 1:31:10]} 3. d4 {[%clk 1:31:50]} cxd4 {[%clk 1:31:32]} 4. Nxd4
{[%clk 1:32:14]} Nf6 {[%clk 1:31:51]} 5. Nc3 {[%clk 1:32:37]} d6 {[%clk 1:32:09]}
6. Be2 {[%clk 1:32:50]} a6 {[%clk 1:31:15]} 7. O-O {[%clk 1:32:53]} Be7
{[%clk 1:30:44]} 8. f4 {[%clk 1:32:35]} Nc6 9. Be3 Nxd4 {[%clk 1:21:34]} 10. Bxd4
{[%clk 1:30:12]} O-O {[%clk 1:21:24]} 11. Kh1 {[%clk 1:28:56]} Bd7 12. Qd3 Bc6
{[%clk 1:18:25]} 13. Qg3 {[%clk 1:07:52]} g6 {[%clk 1:12:08]} 14. Bf3
{[%clk 0:57:00]} Nd7 {[%clk 0:59:14]} 15. Rae1 {[%clk 0:52:13]} Bh4
{[%clk 0:49:40]} 16. Qh3 Bxe1 17. Rxe1 e5 18. fxe5 Nxe5 19. Be3 Qd7 20. Qg3 f6
21. Bh6 Rfe8 22. h4 Re7 23. a4 b5 24. axb5 axb5 25. Rd1 Rd8 26. Ne2 Qb7 27. Nf4
Bxe4 28. Nd5 Bxf3 29. Nxe7+ Qxe7 30. gxf3 Qe6 31. Kg2 Qf5 32. Rd2 Kf7 33. Bf4 Ke6
34. c3 Rc8 35. Be3 Rc4 36. Bd4 b4 37. Re2 bxc3 38. bxc3 Kf7 39. Ra2 Rc7 40. Ra6
Rd7 41. Qf2 Kg7 42. Qe3 Qd3 43. Qxd3 Nxd3 44. Kg3 Kf7 45. Ra8 Ke6 46. Ra5 Nc1 47.
Kf4 Nb3 48. Rb5 Nxd4 49. cxd4 d5 50. Rb6+ Rd6 51. Rb7 h6 52. Rh7 g5+ 53. Ke3 Kf5
54. Rxh6 Ra6 55. hxg5 Ra3+ 56. Ke2 Kxg5 57. Rh8 f5 58. Rd8 Kf4 59. Rxd5 Re3+ 60.
Kf2 Rxf3+ 61. Kg2 Rd3 62. Ra5 Rd2+ 63. Kf1 Rxd4 64. Ra3 Rd2 65. Rb3 Kg4 66. Ra3
f4 67. Rb3 1/2-1/2

[Event "Open A"]
[Site "Polanica-Zdroj"]
[Date "2017.08.25"]
[Round "7.12"]
[White "Hiszczynski, Jakub"]
[Black "Fus, Jakub"]
[Result "1/2-1/2"]
[BlackElo "2127"]
[WhiteElo "2005"]
[LiveChessVersion "1.4.8"]

1. e4 {[%clk 1:30:57]} c5 {[%clk 1:30:46]} 2. Nf3 {[%clk 1:31:21]} e6
{[%clk 1:31:04]} 3. d4 {[%clk 1:31:46]} cxd4 {[%clk 1:31:22]} 4. Nxd4
{[%clk 1:32:12]} a6 {[%clk 1:31:38]} 5. c4 {[%clk 1:32:29]} Nf6 {[%clk 1:31:54]}
6. Nc3 {[%clk 1:32:49]} Bb4 {[%clk 1:32:14]} 7. Bd3 {[%clk 1:33:06]} Nc6
{[%clk 1:32:21]} 8. Nxc6 {[%clk 1:31:33]} dxc6 {[%clk 1:32:41]} 9. O-O
{[%clk 1:22:11]} e5 {[%clk 1:32:18]} 10. h3 {[%clk 1:20:29]} O-O {[%clk 1:30:53]}
11. Be3 {[%clk 1:16:34]} Qe7 {[%clk 1:29:15]} 12. Na4 {[%clk 1:12:47]} Nd7
{[%clk 1:23:59]} 13. a3 {[%clk 1:07:27]} Bc5 {[%clk 1:22:42]} 14. Nxc5
{[%clk 1:05:38]} Nxc5 {[%clk 1:23:06]} 15. b4 {[%clk 0:59:55]} Ne6
{[%clk 1:21:50]} 16. c5 {[%clk 1:00:19]} Rd8 {[%clk 1:20:42]} 17. Qc2
{[%clk 0:52:36]} Nd4 {[%clk 1:08:29]} 18. Bxd4 {[%clk 0:53:02]} Rxd4
{[%clk 1:08:02]} 19. Rfd1 {[%clk 0:44:02]} Qg5 {[%clk 1:01:04]} 20. Kh1
{[%clk 0:44:30]} Be6 {[%clk 0:51:26]} 21. Bf1 {[%clk 0:42:36]} Rad8
{[%clk 0:47:29]} 22. Rxd4 {[%clk 0:41:00]} Rxd4 {[%clk 0:46:59]} 23. Rd1
{[%clk 0:41:18]} Qd8 {[%clk 0:46:53]} 24. Rxd4 {[%clk 0:41:01]} Qxd4
{[%clk 0:47:14]} 25. Qd3 {[%clk 0:41:21]} Qxd3 {[%clk 0:47:10]} 26. Bxd3
{[%clk 0:41:48]} Kf8 {[%clk 0:47:06]} 27. g4 {[%clk 0:39:52]} Ke7
{[%clk 0:46:50]} 28. Kg2 {[%clk 0:40:16]} g5 {[%clk 0:44:15]} 29. f3
{[%clk 0:40:02]} Bb3 {[%clk 0:44:35]} 30. Kf2 {[%clk 0:40:15]} Kd7
{[%clk 0:44:30]} 31. Ke3 {[%clk 0:40:30]} 1/2-1/2

[Event "Open A"]
[Site "Polanica-Zdroj"]
[Date "2017.08.26"]
[Round "8.1"]
[White "Warakomski, Tomasz"]
[Black "Bugalski, Michal"]
[Result "1-0"]
[BlackElo "2250"]
[WhiteElo "2536"]
[LiveChessVersion "1.4.8"]

1. e4 {[%clk 1:30:57]} e6 {[%clk 1:30:52]} 2. d4 {[%clk 1:31:13]} d5
{[%clk 1:31:19]} 3. Nc3 {[%clk 1:31:37]} Bb4 {[%clk 1:31:37]} 4. e5
{[%clk 1:29:29]} c5 {[%clk 1:31:54]} 5. a3 {[%clk 1:29:55]} Bxc3+
{[%clk 1:31:06]} 6. bxc3 {[%clk 1:30:20]} Qa5 {[%clk 1:22:45]} 7. Bd2
{[%clk 1:30:42]} Qa4 {[%clk 1:22:48]} 8. h4 {[%clk 1:20:15]} Nc6 {[%clk 1:05:27]}
9. h5 {[%clk 1:19:51]} Nge7 {[%clk 0:51:33]} 10. Nf3 {[%clk 1:13:38]} h6
{[%clk 0:45:41]} 11. Rh4 {[%clk 1:07:53]} c4 {[%clk 0:36:33]} 12. Rg4
{[%clk 1:02:48]} Rh7 {[%clk 0:31:08]} 13. Rf4 {[%clk 0:52:50]} Bd7
{[%clk 0:30:34]} 14. g4 {[%clk 0:52:13]} g5 {[%clk 0:25:52]} 15. hxg6
{[%clk 0:52:10]} Nxg6 {[%clk 0:24:02]} 16. Rf6 {[%clk 0:52:33]} Nce7
{[%clk 0:24:18]} 17. Ng1 {[%clk 0:52:38]} O-O-O {[%clk 0:20:17]} 18. Rf3
{[%clk 0:49:32]} h5 {[%clk 0:16:40]} 19. Rh3 {[%clk 0:48:36]} h4 {[%clk 0:15:15]}
20. Bg5 {[%clk 0:48:40]} Rg8 {[%clk 0:11:56]} 21. Nf3 {[%clk 0:45:49]} Nc6
{[%clk 0:08:41]} 22. Qd2 {[%clk 0:35:48]} f5 {[%clk 0:07:53]} 23. exf6
{[%clk 0:22:48]} e5 {[%clk 0:07:56]} 24. Nxh4 {[%clk 0:23:12]} Nf4
{[%clk 0:01:22]} 25. Bxf4 {[%clk 0:21:24]} exf4 {[%clk 0:01:51]} 26. Nf3
{[%clk 0:17:01]} Re8+ {[%clk 0:01:50]} 27. Kd1 {[%clk 0:16:49]} Rf7
{[%clk 0:01:13]} 28. g5 {[%clk 0:17:05]} Bf5 {[%clk 0:00:38]} 29. Rh4
{[%clk 0:17:03]} Be4 {[%clk 0:00:40]} 30. Rxf4 {[%clk 0:16:23]} Rh8
{[%clk 0:00:45]} 31. Nh4 {[%clk 0:13:31]} Re8 {[%clk 0:00:33]} 32. g6
{[%clk 0:12:07]} Bxc2+ {[%clk 0:00:52]} 33. Qxc2 {[%clk 0:12:29]} Re1+
{[%clk 0:01:17]} 34. Kd2 {[%clk 0:12:55]} 1-0

[Event "Open A"]
[Site "Polanica-Zdroj"]
[Date "2017.08.26"]
[Round "8.2"]
[White "Shishkin, Vadim"]
[Black "Kucza, Karol"]
[Result "1/2-1/2"]
[BlackElo "2320"]
[WhiteElo "2454"]
[LiveChessVersion "1.4.8"]

1. d4 {[%clk 1:30:57]} Nf6 {[%clk 1:30:52]} 2. c4 {[%clk 1:31:19]} e6
{[%clk 1:31:16]} 3. Nc3 {[%clk 1:28:04]} Bb4 {[%clk 1:31:37]} 4. Qc2
{[%clk 1:27:41]} c5 {[%clk 1:31:57]} 5. dxc5 {[%clk 1:27:29]} O-O
{[%clk 1:32:20]} 6. a3 {[%clk 1:22:31]} Bxc5 {[%clk 1:32:22]} 7. Nf3
{[%clk 1:22:55]} Nc6 {[%clk 1:32:23]} 8. Bg5 {[%clk 1:10:13]} Nd4
{[%clk 1:32:34]} 9. Nxd4 {[%clk 1:10:37]} Bxd4 {[%clk 1:32:56]} 10. e3
{[%clk 1:10:49]} Bxc3+ {[%clk 1:32:45]} 11. Qxc3 {[%clk 1:11:08]} h6
{[%clk 1:32:17]} 12. Bxf6 {[%clk 0:59:42]} Qxf6 {[%clk 1:32:38]} 13. Qxf6
{[%clk 1:00:10]} gxf6 {[%clk 1:33:00]} 14. Be2 {[%clk 0:55:45]} b6
{[%clk 1:32:12]} 15. O-O-O {[%clk 0:50:23]} Rd8 {[%clk 1:29:36]} 16. Bf3
{[%clk 0:30:07]} Rb8 {[%clk 1:27:32]} 17. Rd4 {[%clk 0:30:35]} Kf8
{[%clk 1:14:14]} 18. Rhd1 {[%clk 0:30:52]} Ke7 {[%clk 1:14:37]} 19. Bc6
{[%clk 0:19:06]} d6 {[%clk 1:15:00]} 20. b4 {[%clk 0:15:05]} Bb7 {[%clk 0:56:25]}
21. Bxb7 {[%clk 0:15:32]} Rxb7 {[%clk 0:56:47]} 22. Kb2 {[%clk 0:15:56]} f5
{[%clk 0:53:40]} 23. Kb3 {[%clk 0:14:36]} Rc7 {[%clk 0:53:55]} 24. R1d2
{[%clk 0:13:49]} Rg8 {[%clk 0:52:12]} 25. g3 {[%clk 0:14:03]} Rg4
{[%clk 0:52:07]} 26. f3 {[%clk 0:13:21]} Rxd4 {[%clk 0:52:29]} 27. Rxd4
{[%clk 0:13:41]} Rc8 {[%clk 0:52:35]} 28. Rh4 {[%clk 0:09:44]} Rh8
{[%clk 0:52:26]} 29. Kc3 {[%clk 0:03:18]} Kd7 {[%clk 0:48:04]} 30. Kd3
{[%clk 0:03:23]} Ke7 {[%clk 0:47:27]} 31. Kd4 {[%clk 0:02:27]} Kd7
{[%clk 0:47:32]} 32. e4 {[%clk 0:02:22]} fxe4 {[%clk 0:45:02]} 33. fxe4
{[%clk 0:02:49]} Ke7 {[%clk 0:44:59]} 34. Rh5 {[%clk 0:02:57]} f6
{[%clk 0:44:03]} 35. Kd3 {[%clk 0:01:44]} e5 {[%clk 0:43:19]} 36. Kc3
{[%clk 0:01:10]} Ke6 {[%clk 0:43:25]} 37. Kb3 {[%clk 0:00:53]} a6
{[%clk 0:40:12]} 38. Kc3 {[%clk 0:00:56]} b5 {[%clk 0:38:11]} 1/2-1/2

[Event "Open A"]
[Site "Polanica-Zdroj"]
[Date "2017.08.26"]
[Round "8.3"]
[White "Cyborowski, Lukasz"]
[Black "Psyk, Radoslaw"]
[Result "1/2-1/2"]
[BlackElo "2132"]
[WhiteElo "2532"]
[LiveChessVersion "1.4.8"]

1. Nf3 {[%clk 1:30:38]} d5 {[%clk 1:30:43]} 2. d4 {[%clk 1:30:49]} Nf6
{[%clk 1:30:52]} 3. c4 {[%clk 1:31:11]} e6 {[%clk 1:31:17]} 4. Nc3
{[%clk 1:31:37]} Be7 {[%clk 1:31:40]} 5. Bf4 {[%clk 1:32:02]} O-O
{[%clk 1:32:02]} 6. e3 {[%clk 1:32:27]} c5 {[%clk 1:32:14]} 7. dxc5
{[%clk 1:32:14]} Bxc5 {[%clk 1:32:28]} 8. cxd5 {[%clk 1:32:40]} Nxd5
{[%clk 1:31:32]} 9. Nxd5 {[%clk 1:33:06]} exd5 {[%clk 1:31:52]} 10. Bd3
{[%clk 1:33:32]} Bb4+ {[%clk 1:32:09]} 11. Nd2 {[%clk 1:33:56]} Nc6
{[%clk 1:16:47]} 12. O-O {[%clk 1:32:44]} Be6 {[%clk 1:14:16]} 13. a3
{[%clk 1:31:32]} Be7 {[%clk 1:12:20]} 14. Rc1 {[%clk 1:30:58]} Qb6
{[%clk 1:07:32]} 15. b4 {[%clk 1:26:56]} Rac8 {[%clk 1:07:32]} 16. Nf3
{[%clk 1:26:10]} a5 {[%clk 0:56:31]} 17. b5 {[%clk 1:16:22]} Nb8 {[%clk 0:56:07]}
18. Ng5 {[%clk 0:41:01]} Bxg5 {[%clk 0:40:42]} 19. Bxg5 {[%clk 0:41:19]} Rxc1
{[%clk 0:40:34]} 20. Qxc1 {[%clk 0:41:33]} Rc8 {[%clk 0:40:55]} 21. Qb2
{[%clk 0:35:23]} Nd7 {[%clk 0:40:28]} 22. Rc1 {[%clk 0:21:53]} Rxc1+
{[%clk 0:36:42]} 23. Qxc1 {[%clk 0:22:20]} Ne5 {[%clk 0:31:54]} 24. Qc2
{[%clk 0:21:49]} Nxd3 {[%clk 0:27:58]} 25. Qxd3 {[%clk 0:22:09]} Qc5
{[%clk 0:27:54]} 26. h4 {[%clk 0:20:32]} Qc4 {[%clk 0:25:31]} 27. Qxc4
{[%clk 0:20:02]} dxc4 {[%clk 0:25:59]} 28. Bd8 {[%clk 0:20:24]} a4
{[%clk 0:21:23]} 29. Ba5 {[%clk 0:20:27]} h5 {[%clk 0:21:16]} 30. Kf1
{[%clk 0:20:08]} Bd7 {[%clk 0:21:02]} 31. b6 {[%clk 0:20:29]} Bc6
{[%clk 0:21:30]} 32. f3 {[%clk 0:20:51]} f6 {[%clk 0:19:08]} 33. Ke2
{[%clk 0:20:17]} 1/2-1/2

[Event "Open A"]
[Site "Polanica-Zdroj"]
[Date "2017.08.26"]
[Round "8.4"]
[White "Zaleski, Lukasz"]
[Black "Korbal, Arkadiusz"]
[Result "1/2-1/2"]
[BlackElo "2159"]
[WhiteElo "2267"]
[LiveChessVersion "1.4.8"]

1. e4 {[%clk 1:30:43]} e5 {[%clk 1:30:49]} 2. Nf3 {[%clk 1:30:56]} Nc6
{[%clk 1:31:11]} 3. Bc4 {[%clk 1:31:05]} Bc5 {[%clk 1:31:18]} 4. d3
{[%clk 1:31:02]} Nf6 {[%clk 1:30:38]} 5. O-O {[%clk 1:31:08]} d6 {[%clk 1:29:37]}
6. c3 {[%clk 1:31:23]} a6 {[%clk 1:29:21]} 7. a4 {[%clk 1:31:27]} O-O
{[%clk 1:27:47]} 8. Na3 {[%clk 1:31:14]} Ba7 {[%clk 1:26:32]} 9. Nc2
{[%clk 1:31:19]} d5 {[%clk 1:10:42]} 10. exd5 {[%clk 1:31:05]} Nxd5
{[%clk 1:11:09]} 11. d4 {[%clk 1:25:06]} Be6 {[%clk 1:05:05]} 12. Ng5
{[%clk 1:19:37]} exd4 {[%clk 0:58:25]} 13. Nxe6 {[%clk 1:16:03]} fxe6
{[%clk 0:58:46]} 14. Nxd4 {[%clk 1:09:20]} Nxd4 {[%clk 0:50:35]} 15. cxd4
{[%clk 1:09:43]} Qf6 {[%clk 0:49:05]} 16. Bxd5 {[%clk 1:04:37]} exd5
{[%clk 0:49:28]} 17. Be3 {[%clk 1:04:45]} c6 {[%clk 0:45:38]} 18. b4
{[%clk 1:01:23]} Rae8 {[%clk 0:41:34]} 19. Qd3 {[%clk 0:55:32]} Re4
{[%clk 0:40:12]} 20. Rfd1 {[%clk 0:54:41]} Bb8 {[%clk 0:34:41]} 21. b5
{[%clk 0:53:42]} axb5 {[%clk 0:31:32]} 22. axb5 {[%clk 0:54:07]} Qh4
{[%clk 0:26:32]} 23. g3 {[%clk 0:53:37]} Qh3 {[%clk 0:25:28]} 24. Qf1
{[%clk 0:52:02]} Qe6 {[%clk 0:25:51]} 25. Qd3 {[%clk 0:48:48]} Qh3
{[%clk 0:25:54]} 26. Qf1 {[%clk 0:49:07]} Qe6 {[%clk 0:26:19]} 27. Qd3
{[%clk 0:49:33]} h5 {[%clk 0:26:45]} 28. bxc6 {[%clk 0:48:40]} bxc6
{[%clk 0:24:39]} 29. Ra8 {[%clk 0:43:21]} h4 {[%clk 0:24:08]} 30. Rb1
{[%clk 0:43:04]} Bd6 {[%clk 0:19:33]} 31. Rxf8+ {[%clk 0:39:07]} Kxf8
{[%clk 0:20:01]} 32. Re1 {[%clk 0:32:10]} hxg3 {[%clk 0:18:09]} 33. hxg3
{[%clk 0:32:03]} Qh3 {[%clk 0:14:53]} 34. Qf1 {[%clk 0:28:11]} Qxf1+
{[%clk 0:10:52]} 35. Kxf1 {[%clk 0:27:49]} Ke8 {[%clk 0:11:12]} 36. Kg2
{[%clk 0:25:53]} Kd7 {[%clk 0:11:02]} 37. Ra1 {[%clk 0:26:04]} Kc8
{[%clk 0:07:49]} 38. Ra7 {[%clk 0:25:21]} Re7 {[%clk 0:08:04]} 39. Rxe7
{[%clk 0:24:55]} 1/2-1/2